Organic farming - experiences and a beginner's guide: Monogrphic series on the engineering of photosynthetic systems (Record no. 40677)

MARC details
000 -LEADER
fixed length control field 00417nam a2200121Ia 4500
082 ## - DEWEY DECIMAL CLASSIFICATION NUMBER
Item number SES
100 ## - MAIN ENTRY--AUTHOR NAME
Personal name Gandhimani, Chitra
245 #0 - TITLE STATEMENT
Title Organic farming - experiences and a beginner's guide: Monogrphic series on the engineering of photosynthetic systems
260 ## - PUBLICATION, DISTRIBUTION, ETC. (IMPRINT)
Place of publication Madras
Name of publisher A M M Murugappa Chettiar Research Centre
Year of publication 1993
700 ## - ADDED ENTRY--PERSONAL NAME
Personal name Seshadri, C V
942 ## - ADDED ENTRY ELEMENTS (KOHA)
Koha item type Books
Holdings
Withdrawn status Lost status Damaged status Not for loan Home library Current library Date acquired Full call number Accession Number Koha item type
        RRII Library RRII Library 16/12/2021 SES 20975 Books